Call Of Duty Black Ops 3 All guns - Statistics

General Stats
  • This quiz has been taken 143 times
  • The average score is 20 of 122
Answer Stats
Hint Answer % Correct
Submachine Gun Kuda
72%
Assault RIfle KN-44
66%
Sniper Rifle Locus
66%
Assault Rifle Man-O-War
64%
Submachine Gun VMP
62%
Light Machine Gun Dingo
59%
Submachine Gun Vesper
59%
Assault Rifle M8A7
52%
Submachine Gun Pharo
49%
Assault Rifle Sheiva
48%
Sniper Rifle Drakon
47%
Assault Rifle ICR-1
45%
Assault Rifle HVK-30
43%
Pistols RK5
41%
Light Machine Gun Gorgon
39%
Submachine Gun Weevil
39%
Shotgun Argus
38%
Sniper Rifle SVG-100
35%
Submachine Gun Razorback
34%
Assault Rifle XR-2
32%
Pistols MR6
31%
Sniper Rifle P-06
31%
Wonder Weapon Ray Gun
31%
Light Machine Gun 48 Dredge
30%
Light Machine Gun BRM
29%
Pistols DLC 1911
28%
Submachine Gun DLC XMC
28%
Shotgun 205 Brecci
26%
Shotgun Haymaker 12
26%
Melee Zombies Knife
26%
Pistols LCAR-9
26%
Submachine Gun DLC PPSH
26%
Shotgun KRM-262
24%
Assault Rifle DLC Galil
22%
Assault Rifle DLC Peacekeeper MK2
22%
Light Machine Gun DLC RPK
22%
Launcher BlackCell
21%
Assault Rifle DLC FFAR
21%
Submachine Gun DLC HG-40
21%
Shotgun DLC Olympia
20%
Launchers XM-53
20%
Assault Rifle DLC M14
19%
Submachine Gun Zombies MP40
19%
Assault Rifle DLC MX Garand
19%
Assault Rifle DLC M16
18%
Wonder Weapon Thundergun
18%
Submachine Gun DLC AK-74u
16%
Melee Zombies Bowie Knife
16%
Shotgun DLC Banshii
14%
Melee Combat Knife
14%
Pistols DLC Rift E9
14%
Sniper Rifle DLC Dragoon
13%
Pistols DLC Marshal 16
13%
Wonder Weapon Apothicon Servant
12%
Pistols Zombies Bloodhound
12%
Launcher DLC L4 Siege
12%
Submachine Gun Zombies Bootlegger
11%
Assault Rifle DLC KVK 99m
11%
Assault Rifle DLC LV8 Basilisk
11%
Assault Rifle Zombies StG-44
11%
Sniper Rifle DLC XPR-50
11%
Melee DLC Butterfly Knife
10%
Sniper Rifle DLC DBSR-50
10%
Melee Free DLC Prizefighters
10%
Special DLC Ballistic Knife
9%
Melee Fists
9%
Melee DLC Path of Sorrows
9%
Submachine Gun DLC HLX 4
8%
Sniper Rifle DLC RSA Interdiction
8%
Submachine Gun DLC Sten
8%
Wonder Weapon KT-4
7%
Melee DLC Malice
7%
Melee DLC Wrench
7%
Special DLC D13 Sector
6%
Submachine Gun DLC DIY 11 Renovator
6%
Melee DLC L3FT.E
6%
Launcher DLC MAX-GL
6%
Light Machine Gun Zombies MG-08
6%
Melee DLC MVP
6%
Special DLC NX Shadowclaw
6%
Melee DLC Buzz Cut
5%
Wonder Weapon Tactical Lil Arnie
5%
Pistols Zombies Mauser C96
5%
Melee DLC Bushwhacker
4%
Submachine Gun Zombies M1927
4%
Melee DLC Nunchucks
4%
Melee DLC Ace of Spades
3%
Melee DLC Enforcer
3%
Melee DLC Iron Jim
3%
Wonder Weapon Tactical Monkey Bomb
3%
Melee Zombies Sickle
3%
Wonder Weapon Specialist Skull of Nan Sapwe
3%
Melee DLC Slash N Burn
3%
Wonder Weapon Wave Gun
3%
Wonder Weapon Wrath of Ancients
3%
Wonder Weapon Wunderwaffe DG-2
3%
Wonder Weapon Specialist Apothicon Sword
2%
Melee DLC Carver
2%
Special Zombies Death Machine
2%
Melee DLC Skull Splitter
2%
Wonder Weapon Staff of Fire
2%
Wonder Weapon Staff of Ice
2%
Wonder Weapon Staff of Lightning
2%
Wonder Weapon Staff of Wind
2%
Wonder Weapon 31-79-JGb215
1%
Wonder Weapon Specialist Gauntlet of Siegfried
1%
Wonder Weapon Tactical Gersh Device
1%
Wonder Weapon GKZ-45 MK3
1%
Melee DLC Nightbreaker
1%
Melee Zombies Plunger
1%
Melee DLC Brass Knckles
0%
Wonder Weapon Equipment Dragon Strike
0%
Melee DLC Fury´s Song
0%
Wonder Weapon Tactical G-Strike
0%
Wonder Weapon Tactical Matryoshka Doll
0%
Light Machine Gun Zombies MG-15
0%
Wonder Weapon Melee One Inch Punch
0%
Wonder Weapon Tactical Quantum Entanglement Device
0%
Wonder Weapon Specialist Ragnarok DG-4
0%
Melee DLC Raven´s Eye
0%
Wonder Weapon Ray Gun Mark ll
0%
Wonder Weapon Equipment Spider Bait
0%
No matching quizzes found
Score Distribution
Percent of People with Each Score
Percentile by Number Answered
Your Score History
You have not taken this quiz